A Guide-Book to Biochemistry
| Main Author: | |
|---|---|
| Format: | Section = Libro |
| Language: | Undetermined Spanish |
| Published: |
Cambridge University Press
1959
|
| Subjects: |
| LEADER | 00477nam a2200181Ia 4500 | ||
|---|---|---|---|
| 008 | 240830s9999 xx 000 0 und d | ||
| 040 | |a CEDOC FIQ-RUSB / 570 H318 | ||
| 041 | |a spa | ||
| 082 | |a 570 H318 | ||
| 100 | 1 | |a Harrison, Kenneth | |
| 245 | 1 | 2 | |a A Guide-Book to Biochemistry |
| 260 | |b Cambridge University Press |c 1959 | ||
| 300 | |a 149 p.: il. | ||
| 650 | 7 | |a CIENCIAS BIOLÓGICAS | |
| 650 | 7 | |b METABOLISMO DE LAS PROTEÍNAS. | |
| 942 | |c BK |2 ddc | ||
| 991 | |a TEXTO | ||
| 999 | |c 27150 | ||